[Event "ROM-chT"]
[Site "Eforie Nord"]
[Date "2023.09.24"]
[Round "4.3"]
[White "Ognean, Mihnea Ionut"]
[Black "Ciobotaru, Alexandru Vlad"]
[Result "1-0"]
[WhiteElo "2389"]
[BlackElo "1778"]
[PlyCount "37"]
[EventDate "2023.09.21"]
[EventType "team-tourn"]
[EventRounds "9"]
[EventCountry "ROU"]
[SourceTitle "EXT 2024"]
[Source "ChessBase"]
[SourceDate "2023.10.10"]
[SourceVersion "1"]
[SourceVersionDate "2023.10.10"]
[SourceQuality "1"]
[WhiteTeam "Galati Smart"]
[BlackTeam "Urziceni Viitorul"]
[WhiteTeamCountry "ROU"]
[BlackTeamCountry "ROU"]

1. e4 e6 2. d4 d5 3. Nd2 dxe4 4. Nxe4 Nd7 5. Nf3 Ngf6 6. Nxf6+ Nxf6 7. Be3 Be7 8. Bd3 0-0 9. Qe2 b6 10. 0-0-0 Bb7 11. Kb1 Qd5 12. h3 Rfd8 13. Rhe1 Rac8 14. c4 Qa5 15. Ne5 c5 16. Nxf7 Re8 17. Bd2 Qa4 18. Qxe6 Qd7 19. Nh6+ 1-0

[Event "ROM-chT"]
[Site "Eforie Nord"]
[Date "2023.09.23"]
[Round "3.3"]
[White "Ciobotaru, Alexandru Vlad"]
[Black "Filip, Lucian Ioan"]
[Result "0-1"]
[WhiteElo "1778"]
[BlackElo "2352"]
[PlyCount "68"]
[EventDate "2023.09.21"]
[EventType "team-tourn"]
[EventRounds "9"]
[EventCountry "ROU"]
[SourceTitle "EXT 2024"]
[Source "ChessBase"]
[SourceDate "2023.10.10"]
[SourceVersion "1"]
[SourceVersionDate "2023.10.10"]
[SourceQuality "1"]
[WhiteTeam "Urziceni Viitorul"]
[BlackTeam "Timisoara Vest Univ"]
[WhiteTeamCountry "ROU"]
[BlackTeamCountry "ROU"]

1. d4 Nf6 2. Nf3 e6 3. Bg5 h6 4. Bh4 d6 5. c4 g5 6. Bg3 Nh5 7. e3 Bg7 8. Be2 c5 9. h3 Nxg3 10. fxg3 Nc6 11. Nc3 cxd4 12. Nxd4 Nxd4 13. exd4 Qb6 14. Na4 Qxd4 15. Qxd4 Bxd4 16. Rd1 Be5 17. g4 Bd7 18. Nc3 Ke7 19. Bf3 Rac8 20. Be2 Rc5 21. 0-0 a6 22. b4 Rc7 23. Rc1 b5 24. Ne4 Rhc8 25. c5 dxc5 26. Nxc5 Bd4+ 27. Kh1 Bxc5 28. bxc5 Rxc5 29. Rxc5 Rxc5 30. a4 bxa4 31. Bxa6 Bc6 32. Rb1 a3 33. Ra1 Rc3 34. Kg1 Bd5 0-1

[Event "World Amateur-ch"]
[Site "Iasi"]
[Date "2013.04.28"]
[Round "7"]
[White "Cristian, Codrut"]
[Black "Ciobotaru, Alexandru Vlad"]
[Result "1-0"]
[WhiteElo "1555"]
[BlackElo "1798"]
[PlyCount "27"]
[EventDate "2013.04.22"]
[EventType "swiss"]
[EventRounds "9"]
[EventCountry "ROU"]
[SourceTitle "CBM 154 Extra"]
[Source "ChessBase"]
[SourceDate "2013.06.25"]
[SourceVersion "2"]
[SourceVersionDate "2013.06.25"]
[SourceQuality "1"]

1. d4 Nf6 2. c4 c5 3. d5 b5 4. e3 bxc4 5. Bxc4 g6 6. Nc3 Qa5 7. Qb3 Ba6 8. Bd2 Bxc4 9. Qb7 Ba6 10. Qxa8 Qb6 11. Nge2 d6 12. Na4 Qb5 13. Nec3 Qd7 14. Qxb8+ 1-0

[Event "World Amateur-ch"]
[Site "Iasi"]
[Date "2013.04.26"]
[Round "5"]
[White "Ionita, Gheorghe"]
[Black "Ciobotaru, Alexandru Vlad"]
[Result "1/2-1/2"]
[WhiteElo "1616"]
[BlackElo "1798"]
[PlyCount "81"]
[EventDate "2013.04.22"]
[EventType "swiss"]
[EventRounds "9"]
[EventCountry "ROU"]
[SourceTitle "CBM 154 Extra"]
[Source "ChessBase"]
[SourceDate "2013.06.25"]
[SourceVersion "2"]
[SourceVersionDate "2013.06.25"]
[SourceQuality "1"]

1. e4 e6 2. d4 d5 3. Nc3 Bb4 4. Nge2 dxe4 5. a3 Bxc3+ 6. Nxc3 Nc6 7. Bb5 Nge7 8. Nxe4 a6 9. Bxc6+ Nxc6 10. c3 0-0 11. 0-0 Qd5 12. Ng5 f6 13. Nf3 Re8 14. b3 b5 15. a4 Bb7 16. axb5 axb5 17. Rxa8 Bxa8 18. Bf4 Re7 19. Re1 Nd8 20. Qc2 g5 21. c4 Qb7 22. Bd2 Qb6 23. d5 Qd6 24. Nd4 exd5 25. Nxb5 Rxe1+ 26. Bxe1 Qe7 27. Ba5 Nc6 28. Qd2 Qe4 29. Nc3 Qe5 30. b4 Nxa5 31. bxa5 d4 32. Nb5 c5 33. h3 h5 34. a6 Qe6 35. Nc7 Qc6 36. Nxa8 Qxa8 37. Qa5 d3 38. Kf1 Qe8 39. Qa2 Qa8 40. a7 Kg7 41. Qa5 1/2-1/2

[Event "World Amateur-ch"]
[Site "Iasi"]
[Date "2013.04.24"]
[Round "3"]
[White "Martian, Fanase"]
[Black "Ciobotaru, Alexandru Vlad"]
[Result "1-0"]
[WhiteElo "1951"]
[BlackElo "1798"]
[PlyCount "130"]
[EventDate "2013.04.22"]
[EventType "swiss"]
[EventRounds "9"]
[EventCountry "ROU"]
[SourceTitle "CBM 154 Extra"]
[Source "ChessBase"]
[SourceDate "2013.06.25"]
[SourceVersion "2"]
[SourceVersionDate "2013.06.25"]
[SourceQuality "1"]

1. e4 e6 2. d4 d5 3. Nd2 Nf6 4. e5 Nfd7 5. Bd3 c5 6. c3 Nc6 7. Ne2 Qb6 8. Nf3 cxd4 9. cxd4 Bb4+ 10. Bd2 f6 11. exf6 Nxf6 12. 0-0 0-0 13. Rc1 Bd7 14. a3 Bxd2 15. Qxd2 Na5 16. Rc3 Rac8 17. Ne5 Rxc3 18. bxc3 Qd6 19. Qc2 Nc6 20. f4 Be8 21. Rb1 Qe7 22. a4 b6 23. Ng3 g6 24. Re1 Nxe5 25. fxe5 Ng4 26. h3 Nh6 27. Rf1 Rxf1+ 28. Nxf1 Qd7 29. Qc1 Kg7 30. Bc2 Qc7 31. Qa3 Ng8 32. Ne3 h5 33. Bd1 Qe7 34. Qb2 Qh4 35. Qd2 Qf4 36. Bc2 Qf8 37. Qc1 Nh6 38. Bd1 Qf4 39. Bc2 Qf8 40. Kh1 Qf2 41. Nf1 Qf8 42. Kg1 Qe7 43. Ne3 Qf8 44. Qf1 Qxf1+ 45. Kxf1 Nf5 46. Kf2 Nxe3 47. Kxe3 b5 48. a5 a6 49. Kf4 Kh6 50. h4 Bd7 51. Bd3 Be8 52. Be2 Bd7 53. Bf3 Bc6 54. g3 Bb7 55. Be2 Bc6 56. Bd3 Bd7 57. Ke3 g5 58. Kf2 gxh4 59. gxh4 Be8 60. Ke3 Bg6 61. Be2 Kg7 62. Kf4 Kf7 63. Bxb5 Ke7 64. Bxa6 Kd7 65. Bb5+ Kc7 1-0